The yellow wind /

Bibliographic Details
Main Author: Grossman, David
Format: Book
Language:English
Published: New York : Farrar, Straus and Giroux, 1988.
Edition:1st ed.
Subjects:

MARC

Tag First Indicator Second Indicator Subfields
LEADER 00000cam a2200000 a 4500
001 in00000019258
005 20151007054221.0
008 880302s1988 nyub 00010 eng d
010 |a  87037527  
020 |a 0374293457 
035 |a (OCoLC)17564953 
035 |9 AAB4352AM 
040 |a IFK  |c IFK  |d BOS  |d WAU  |d TXA  |d UtOrBLW 
041 1 |a eng  |h heb 
043 |a a-is--- 
049 |a TXAM  |c [A12591129] 
050 0 |a DS110.W47  |b G7613 1988 
100 1 |a Grossman, David. 
240 1 0 |a Zeman ha-tsahov.  |l English 
245 1 4 |a The yellow wind /  |c David Grossman ; translated from the Hebrew by Haim Watzman. 
250 |a 1st ed. 
264 1 |a New York :  |b Farrar, Straus and Giroux,  |c 1988. 
300 |a 216 pages :  |b map ;  |c 22 cm. 
336 |a text  |b txt  |2 rdacontent 
337 |a unmediated  |b n  |2 rdamedia 
338 |a volume  |b nc  |2 rdacarrier 
500 |a Translation of: ha-Zeman ha-tsahov. 
600 1 0 |a Grossman, David  |x Travel  |z West Bank. 
651 0 |a West Bank  |x Description and travel. 
650 0 |a Arab-Israeli conflict  |y 1973-1993. 
650 0 |a Arab-Israeli conflict  |y 1993- 
999 |a MARS 
999 f f |s fb7fbcbb-a1b0-3c4c-ab70-f10f8e0bd05c  |i 7189a734-c9c8-31dc-86ac-882be4ef97f9  |t 0 
952 f f |p ric  |a Texas A&M University  |b Rellis Campus  |c Joint Library Facility  |d Remote Storage  |t 0  |e DS110.W47 G7613 1988  |h Library of Congress classification  |i unmediated -- volume  |m A14812591129 
998 f f |a DS110.W47 G7613 1988  |t 0  |l Remote Storage